Pokémon les plus petits - Statistiques

Statistiques générales
  • Ce quiz a été pris 76 fois
  • Le résultat moyen est 29 sur 98
Statistiques - réponses
Taille Pokémon % Correct
Aspicot 013
85%
0.3m Chenipan 010
83%
Pichu 172
81%
0.1m Statitik 595
74%
Roucool 016
72%
Mélo 173
70%
Rattata 019
68%
Chenipotte 265
64%
Piafabec 021
60%
Rattata d'Alola 019
60%
Étourmi 396
58%
Cosmog 789
57%
Toudoudou 174
55%
Cosmovum 790
51%
Poichigeon 519
51%
Togepi 175
51%
Cheniti 412
49%
Flabébé 669
49%
Minisange 821
47%
Passerouge 661
43%
0.2m Taupiqueur 050
43%
Taupiqueur d'Alola 050
43%
Nirondelle 276
42%
Anchwatt 602
40%
Larveyette 540
40%
Lépidonille 664
40%
Bombydou 742
36%
Picassaut 731
36%
Rozbouton 406
36%
Jirachi 385
34%
Floette 670
32%
Motisma 479
32%
Shaymin 492
32%
Évoli 133
30%
Azurill 298
28%
Créfadet 482
28%
Créfollet 481
28%
Créhelf 480
28%
Crikzik 401
28%
Dedenne 702
26%
Katagami 798
26%
Larméléon 816
26%
Tic 599
26%
Tournegrin 191
26%
Frissonille 872
25%
Froussardine 746
25%
Grenousse 656
25%
Rubombelle 743
25%
Apitrini 415
23%
Korillon 433
23%
Magnéti 081
23%
Métamorph 132
23%
Paras 046
23%
Wattapik 871
23%
Araqua 751
21%
Guérilande 764
21%
Manaphy 490
21%
Brindibou 722
19%
Concombaffe 771
19%
Doudouvet 546
19%
Flambino 813
19%
Mimiqui 778
19%
Natu 177
19%
Ouistempo 810
19%
Nucléos 577
17%
Pérégrain 665
17%
Spododo 755
17%
Théffroi 854
17%
Togedemaru 777
17%
Trompignon 590
17%
Trousselin 707
17%
Charbi 837
15%
Crèmy 868
15%
Funécire 607
15%
Pitrouille (taille mini) 710
15%
Rosélia 315
15%
Sancoki 422
15%
Verpom 840
15%
Fermite 632
13%
Meltan 808
13%
Météno 774
13%
Morphéo 351
13%
Mucuscule 704
13%
Rongourmand 819
13%
Croquine 761
11%
Fluvetin 682
11%
Morpeko 877
11%
Voltoutou 835
11%
Kokiyas 090
9%
Strassie 703
9%
Charmilly 869
8%
Khélocrok 833
8%
Polthégeist 855
8%
Crabicoque 557
6%
Pomdrapi 841
6%
Psystigri 677
6%
Mimantis 753
4%
Rototaupe 529
2%
Aucun quiz correspondant
Distribution des résultats
% des personnes avec chaque résultat
Percentile par nombre de réponses
Votre historique - résultats
Vous n’avez pas pris ce quiz